Privilegios y franquicias de Mallorca (Record no. 162601)

MARC details
000 -LEADER
campo de control de longitud fija 01214nam a2200241 i 4500
001 - NÚMERO DE CONTROL
campo de control 162601
003 - IDENTIFICADOR DE NÚMERO DE CONTROL
campo de control ES-MaACL
005 - FECHA Y HORA DE LA ÚLTIMA TRANSACCIÓN
campo de control 20230906212548.0
008 - DATOS DE LONGITUD FIJA--INFORMACIÓN GENERAL
campo de control de longitud fija 990114m18941896sp w |||| | spa d
040 ## - FUENTE DE CATALOGACIÓN
Centro catalogador/agencia de origen M-RABA
Lengua de catalogación spa
Centro/agencia transcriptor M-RABA
Centro/agencia modificador CCPB | B
245 00 - MENCIÓN DEL TÍTULO
Título Privilegios y franquicias de Mallorca
Resto del título : cédulas, capítulos, estatutos, órdenes y pragmáticas, otorgadas por los reyes de Mallorca, de Aragón y de España desde el siglo XIII hasta fin del XVII, y triplemente catalogadas y extractadas por orden de registros, datas y materias, con un apéndice de bulas pontificias y otros documentos /
Mención de responsabilidad, etc. compilados por José María Quadrado.
260 ## - PUBLICACIÓN, DISTRIBUCIÓN, ETC.
Lugar de publicación, distribución, etc. Palma de Mallorca :
Nombre del editor, distribuidor, etc. Diputación Provincial de las Baleares,
Fecha de publicación, distribución, etc. 1894-1896 (
Fabricante Escuela tipográfica Provincial)
300 ## - DESCRIPCIÓN FÍSICA
Extensión 2 v. ;
Dimensiones 32 cm.
500 ## - NOTA GENERAL
Nota general La publicación de la obra quedó interrumpida.
596 ## - NOTA AL PIE DE IMPRENTA
NOTA AL PIE DE IMPRENTA Según Palau publicado en 1895-1896.
596 ## - NOTA AL PIE DE IMPRENTA
NOTA AL PIE DE IMPRENTA En la cub. del v. I: 1895.
596 ## - NOTA AL PIE DE IMPRENTA
NOTA AL PIE DE IMPRENTA Marca tip. en port.
597 ## - NOTA DE DESCRIPCIÓN FÍSICA
NOTA DE DESCRIPCIÓN FÍSICA V. I (160 p.) -- v. II (p. 161-320)
597 ## - NOTA DE DESCRIPCIÓN FÍSICA
NOTA DE DESCRIPCIÓN FÍSICA Antep.
650 #4 - PUNTO DE ACCESO ADICIONAL DE MATERIA--TÉRMINO DE MATERIA
Término de materia o nombre geográfico como elemento de entrada Fueros-
Subdivisión geográfica Baleares (Comunidad Autónoma)
9 (RLIN) 167375
700 1# - ENTRADA AGREGADA--NOMBRE PERSONAL
Nombre de persona Quadrado, José María.
9 (RLIN) 94475
852 ## - LOCALIZACIÓN
Ubicación ES-MaACL
Número de control de estantería C-1635
Nota libre -- Enc. hol.
Holdings
Estatus retirado Estado de pérdida Estado de daño No para préstamo Colección Biblioteca de origen Biblioteca actual Ubicación en estantería Fecha de adquisición Fuente de adquisición Total de préstamos Signatura topográfica completa Código de barras Visto por última vez Precio de reemplazo Tipo de ítem Koha
        Libros del s. XIX Biblioteca del Ateneo de Madrid Biblioteca del Ateneo de Madrid Sala Palomar 17/01/2008     C-1635 1170345 23/02/2023 23/02/2023 Libro impreso antiguo